| 000 | 00874nam a22002057a 4500 | ||
|---|---|---|---|
| 999 |
_c19184 _d19184 |
||
| 003 | AR-CdUCM | ||
| 008 | 190516b ||||| |||| 00| 0 spa d | ||
| 040 |
_aMUNICIPALIDAD PROVINCIAL DEL CUSCO _cBIBLIOTECA MUNICIPAL DEL CUSCO |
||
| 082 |
_a985.612 / _bAN61 |
||
| 100 |
_aAngles Vargas, Víctor _94559 |
||
| 245 |
_aSacsayhuaman : _bportento arquitectónico / |
||
| 260 |
_aCusco : _bTall. Industrial gráfica, _c1990. |
||
| 300 |
_a184 páginas ; _bilustraciones, láminas, _c21 cm. |
||
| 505 | _aContenido: Generalidades -- Los constructores de Saqsaywaman -- Torreones en Saqsaywaman -- Las puertas en Saqsaywaman -- Saqsaywaman fue real casa del sol y no fortaleza -- Cusco tiene forma de puma cuya cabeza era Saqsaywaman ... | ||
| 650 |
_aCusco _9772 |
||
| 650 |
_aSacsayhuaman _940373 |
||
| 650 |
_aHistoria _9136 |
||
| 942 |
_2ddc _cLIBROS |
||
| 945 |
_aachl _d2019-05-16 |
||